| 000 | 00736cam a22002413a 4500 | ||
|---|---|---|---|
| 001 | 13866 | ||
| 003 | PGUSA | ||
| 005 | 20140828083310.0 | ||
| 008 | 041025s2004||||xxu|||||s|||||000 | eng d | ||
| 040 |
_aPGUSA _beng |
||
| 042 | _adc | ||
| 050 | 4 | _aPQ | |
| 100 | 1 |
_aZola, Émile, _d1840-1902 |
|
| 245 | 1 | 0 |
_aLe naturalisme au théâtre : _bles théories et les exemples _h[electronic resource] / _cÉmile Zola |
| 260 |
_bProject Gutenberg, _c2004 |
||
| 506 | _aPublic domain in the USA. | ||
| 516 | _aElectronic text | ||
| 653 | _aFrench drama -- 19th century -- History and criticism | ||
| 653 | _aNaturalism in literature | ||
| 830 | 0 |
_aProject Gutenberg _v13866 |
|
| 856 | 4 | 0 | _uhttp://www.gutenberg.org/ebooks/13866 |
| 942 | _cEB | ||
| 999 |
_c243121 _d243121 |
||